00000000nam 2200000zi 4500
0019.943503
003CaOODSP
00520250110180500
006m     o  d f      
007cr cn|||||||||
008240924t20242024quc     ob   f000 0 fre d
020 |a9780660737737
040 |aCaOODSP|bfre|erda|cCaOODSP
043 |an-cn---
0861 |aCH37-4/31-2024F-PDF
24500|aPlan d’action canadien de lutte contre la haine.
264 1|a[Gatineau, Québec] : |bPatrimoine canadien = Canadian Heritage, |c[2024]
264 4|c©2024
300 |a1 ressource en ligne (35 pages)
336 |atexte|btxt|2rdacontent/fre
337 |ainformatique|bc|2rdamedia/fre
338 |aressource en ligne|bcr|2rdacarrier/fre
500 |aPublié aussi en anglais sous le titre : Canada's action plan on combatting hate.
504 |aComprend des références bibliographiques.
650 6|aCrimes haineux|xPolitique gouvernementale|zCanada.
650 6|aCrimes haineux|zCanada|xPrévention.
7101 |aCanada. |bPatrimoine canadien, |eorganisme de publication.
77508|tCanada's action plan on combatting hate.|w(CaOODSP)9.943502
85640|qPDF|s6.07 Mo|uhttps://publications.gc.ca/collections/collection_2025/pch/CH37-4-31-2024-fra.pdf
8564 |qHTML|sS.O.|uhttps://www.canada.ca/fr/patrimoine-canadien/services/lutter-contre-haine/plan-action.html